000 00567nmm a2200169Ia 4500
008 251105s9999||||xx |||||||||||||||||und||
020 _a8479086629
041 _aspa
100 _aRomá Ferri, M. T.
245 0 _aDerecho de las mujeres a su imagen :
_b Los trastornos del comportamiento alimentario (anorexia y bulimia)
264 _a[Madrid, España] :
_bPublicaciones de la Universidad de Alicante,
_c2001
300 _a176 páginas
490 _aCiencias de la Salud
650 _aLaw
856 _uhttps://public.digitaliapublishing.com/a/607
942 _cCF
999 _c73572
_d73572